| 000 | 00759nam 22002173 4500 | ||
|---|---|---|---|
| 001 | 199493 | ||
| 090 | _a199493 | ||
| 100 | _a20251212d u||y0pory50 ba | ||
| 101 | _apor | ||
| 200 |
_aA Economia da Alimentação _fMichel Cépède e Maurice Lengellé _gTradução de Collete Helena Simone e Loureiro de Carvalho ; Revisão de João Rafael Nunes |
||
| 205 | _a2ª | ||
| 210 |
_aLisboa _cEdições Itau _d1977 |
||
| 215 |
_a129, [7] p. : il. _cBrochado _d18 cm |
||
| 225 |
_aAlimentação e Desenvolvimento _v3 |
||
| 606 |
_96997 _aCiências Sociais _xEconomia |
||
| 675 |
_a338/CEP/ECO _vPT _zpor |
||
| 700 |
_915341 _aCépède _bMichel |
||
| 701 |
_915344 _aLengellé _bMaurice |
||
| 801 |
_aPT _bBMMN _gRPC |
||
| 830 |
_cCarlos Pinto _d12-12-2025 _fCarlos Pinto |
||
| 990 | _cLIVROS | ||